| 000 | 00447cam a2200181 4500 | ||
|---|---|---|---|
| 001 | D8907 | ||
| 008 | 090401t1980 xxu||||| |||| 00| 0 eng d | ||
| 035 | _a(Sirsi) u16093 | ||
| 041 | _aeng | ||
| 050 | _a692.3 | ||
| 100 | _aMartin, David (ed) | ||
| 245 | _aSpecification 80: building methods and products. Volume 3 | ||
| 260 |
_aLondon _bArchitectural Press _c1980 |
||
| 300 | _a5v. 30cm | ||
| 350 | _a45 | ||
| 942 | _n0 | ||
| 948 | _c04/03/1997 | ||
| 999 |
_c87367 _d87367 |
||